| 000 | 00775nam a22001577a 4500 | ||
|---|---|---|---|
| 003 | OSt | ||
| 005 | 20151004154311.0 | ||
| 008 | 151004b xxu||||| |||| 00| 0 eng d | ||
| 040 | _cRUA | ||
| 082 | _aAVM AY 2004 B074 Or.1 | ||
| 100 |
_92010 _aAY, SATYA. |
||
| 245 | _abiotechnology of fermented rice bran with saccharomyces cerevisiae and its effect on performance of chickens (ជីវបច្ចេកវិទ្យានៃការកែច្នៃកន្ទក់ដោយមេល្បើង saccharomyces cerevisiae និង ឥទ្ធិពលនៃបរិមាណរបស់វាទៅលើការលូតលាស់របស់មាន់សាច់) | ||
| 260 |
_aPhnom Penh _bRUA _c2004 |
||
| 300 |
_avii, 35p. _bill. _c29cm. |
||
| 942 |
_2ddc _cAVM |
||
| 999 |
_c1899 _d1899 |
||